[Event "MARIENBAD OPEN 2020 - A, B - closed tournaments"]
[Site "?"]
[Date "2020.01.20"]
[Round "3"]
[White "Nguyen, Alex Dac-Vuong"]
[Black "Vatsal, Singhania"]
[Result "1/2-1/2"]
[BlackElo "2230"]
[WhiteElo "2401"]
[LiveChessVersion "1.4.8"]

1. e4 {[%clk 1:30:56]} c5 {[%clk 1:30:55]} 2. Nf3 {[%clk 1:31:15]} d6
{[%clk 1:31:22]} 3. d4 {[%clk 1:31:38]} cxd4 {[%clk 1:31:47]} 4. Nxd4
{[%clk 1:32:03]} Nf6 {[%clk 1:32:13]} 5. f3 {[%clk 1:32:28]} a6 {[%clk 1:25:48]}
6. c4 {[%clk 1:32:39]} e6 {[%clk 1:26:13]} 7. Nc3 {[%clk 1:33:03]} Be7
{[%clk 1:26:37]} 8. Be3 {[%clk 1:33:05]} b6 {[%clk 1:26:59]} 9. Be2
{[%clk 1:33:28]} Bb7 {[%clk 1:27:26]} 10. O-O {[%clk 1:33:51]} O-O
{[%clk 1:27:50]} 11. Qd2 {[%clk 1:34:04]} Nbd7 {[%clk 1:28:13]} 12. Rfd1
{[%clk 1:34:06]} Qc7 {[%clk 1:28:35]} 13. Rac1 {[%clk 1:34:30]} Rac8
{[%clk 1:29:00]} 14. a3 {[%clk 1:34:02]} Qb8 {[%clk 1:29:25]} 15. b4
{[%clk 1:34:19]} Rfe8 {[%clk 1:29:51]} 16. Nb3 {[%clk 1:34:13]} Bd8
{[%clk 1:29:34]} 17. Bf4 {[%clk 1:34:37]} Ne5 {[%clk 1:27:59]} 18. Bxe5
{[%clk 1:35:02]} dxe5 {[%clk 1:28:25]} 19. c5 {[%clk 1:35:28]} Qa7
{[%clk 1:17:50]} 20. Kh1 {[%clk 1:28:53]} Bc7 {[%clk 1:05:45]} 21. Na4
{[%clk 1:19:20]} b5 {[%clk 1:04:32]} 22. Nc3 {[%clk 1:19:44]} Bc6
{[%clk 1:04:57]} 23. Qe3 {[%clk 1:13:31]} Red8 {[%clk 1:02:51]} 24. Qg1
{[%clk 1:10:12]} Qa8 {[%clk 0:43:30]} 25. Rxd8+ {[%clk 1:10:01]} Rxd8
{[%clk 0:43:54]} 26. Rd1 {[%clk 1:10:11]} Kf8 {[%clk 0:26:30]} 27. Rxd8+
{[%clk 1:09:02]} Qxd8 {[%clk 0:26:56]} 28. Qd1 {[%clk 1:08:51]} Qxd1+
{[%clk 0:25:56]} 29. Bxd1 {[%clk 1:09:11]} Nd7 {[%clk 0:24:15]} 30. Kg1
{[%clk 1:05:22]} Nb8 {[%clk 0:23:54]} 31. Be2 {[%clk 1:03:36]} Be8
{[%clk 0:23:40]} 32. g3 {[%clk 0:48:55]} Ke7 {[%clk 0:21:00]} 33. Kf2
{[%clk 0:49:02]} Kd8 {[%clk 0:20:09]} 34. Nc1 {[%clk 0:46:30]} Ke7
{[%clk 0:18:10]} 35. Nd3 {[%clk 0:45:43]} Nc6 {[%clk 0:17:07]} 36. Bd1
{[%clk 0:45:36]} Nd4 {[%clk 0:14:40]} 37. Ke3 {[%clk 0:43:50]} f6
{[%clk 0:13:41]} 38. Ne2 {[%clk 0:43:04]} Nc6 {[%clk 0:14:02]} 39. Bb3
{[%clk 0:36:07]} g5 {[%clk 0:09:26]} 40. Ne1 {[%clk 0:33:38]} Bb8
{[%clk 0:06:24]} 41. Nc2 {[%clk 0:33:29]} h5 {[%clk 0:02:44]} 42. h3
{[%clk 0:26:56]} Bc7 {[%clk 0:29:57]} 43. g4 {[%clk 0:56:37]} h4 {[%clk 0:30:23]}
44. Nc3 {[%clk 0:56:55]} Nd4 {[%clk 0:29:42]} 45. Nxd4 {[%clk 0:55:08]} exd4+
{[%clk 0:30:08]} 46. Kxd4 {[%clk 0:55:32]} Be5+ {[%clk 0:30:37]} 47. Kd3
{[%clk 0:55:46]} Bxc3 {[%clk 0:31:04]} 48. Kxc3 {[%clk 0:56:04]} Bc6
{[%clk 0:31:33]} 49. Kd4 {[%clk 0:50:40]} e5+ {[%clk 0:31:59]} 50. Ke3
{[%clk 0:50:29]} 1/2-1/2

[Event "MARIENBAD OPEN 2020 - A, B - closed tournaments"]
[Site "?"]
[Date "2020.01.20"]
[Round "3"]
[White "Valenta, Vit"]
[Black "Laxman, R.R."]
[Result "0-1"]
[BlackElo "2441"]
[WhiteElo "2103"]
[LiveChessVersion "1.4.8"]

1. e4 {[%clk 1:30:58]} e5 {[%clk 1:30:59]} 2. Nc3 {[%clk 1:31:25]} Nf6
{[%clk 1:31:21]} 3. f4 {[%clk 1:31:43]} d5 {[%clk 1:31:38]} 4. fxe5
{[%clk 1:32:04]} Nxe4 {[%clk 1:32:04]} 5. d3 {[%clk 1:32:24]} Nxc3
{[%clk 1:31:06]} 6. bxc3 {[%clk 1:32:46]} Nc6 {[%clk 1:31:03]} 7. d4
{[%clk 1:32:54]} Be7 {[%clk 1:31:11]} 8. Nf3 {[%clk 1:32:57]} O-O
{[%clk 1:31:32]} 9. Bd3 {[%clk 1:33:08]} f6 {[%clk 1:31:56]} 10. exf6
{[%clk 1:32:38]} Bxf6 {[%clk 1:32:07]} 11. O-O {[%clk 1:32:57]} Bg4
{[%clk 1:31:13]} 12. Ba3 {[%clk 1:31:16]} Be7 {[%clk 1:28:18]} 13. Bxe7
{[%clk 1:25:16]} Qxe7 {[%clk 1:28:45]} 14. Qd2 {[%clk 1:23:23]} Bxf3
{[%clk 1:28:14]} 15. Rxf3 {[%clk 1:20:04]} Rxf3 {[%clk 1:28:36]} 16. gxf3
{[%clk 1:20:29]} Rf8 {[%clk 1:28:48]} 17. Kg2 {[%clk 1:20:07]} Nd8
{[%clk 1:24:26]} 18. Re1 {[%clk 1:18:07]} Ne6 {[%clk 1:22:58]} 19. Re5
{[%clk 1:16:49]} Qf6 {[%clk 1:22:06]} 20. Bf5 {[%clk 1:09:50]} Ng5
{[%clk 1:15:36]} 21. f4 {[%clk 1:06:58]} Nf7 {[%clk 1:12:43]} 22. Be6
{[%clk 1:06:18]} Kh8 {[%clk 1:13:11]} 23. Bxf7 {[%clk 1:05:29]} Qxf7
{[%clk 1:13:39]} 24. f5 {[%clk 1:03:41]} h6 {[%clk 1:12:57]} 25. Qf4
{[%clk 1:02:07]} Qd7 {[%clk 1:11:56]} 26. Qg4 {[%clk 1:00:35]} Qa4
{[%clk 1:08:08]} 27. Qe2 {[%clk 0:59:47]} Qc6 {[%clk 1:05:49]} 28. Qf3
{[%clk 0:57:31]} Qa4 {[%clk 1:04:39]} 29. Qe2 {[%clk 0:55:27]} Qd7
{[%clk 1:01:19]} 30. Qf3 {[%clk 0:55:16]} c6 {[%clk 1:01:34]} 31. Re6
{[%clk 0:52:19]} Qf7 {[%clk 1:01:32]} 32. Re5 {[%clk 0:52:08]} Qf6
{[%clk 1:01:40]} 33. Qe3 {[%clk 0:45:46]} Qh4 {[%clk 1:01:19]} 34. Qg3
{[%clk 0:44:34]} Qd8 {[%clk 0:58:56]} 35. Qg6 {[%clk 0:40:46]} Kg8
{[%clk 0:59:22]} 36. Re6 {[%clk 0:33:15]} Qg5+ {[%clk 0:56:45]} 37. Qxg5
{[%clk 0:30:18]} hxg5 {[%clk 0:56:02]} 38. Re5 {[%clk 0:22:53]} Kf7
{[%clk 0:56:18]} 39. Kg3 {[%clk 0:14:09]} Rh8 {[%clk 0:56:32]} 40. Re6
{[%clk 0:14:15]} Rh4 {[%clk 0:56:26]} 41. Rd6 {[%clk 0:12:12]} Re4
{[%clk 0:56:44]} 42. Kf3 {[%clk 0:10:23]} a5 {[%clk 0:55:15]} 43. Rd7+
{[%clk 0:09:11]} Re7 {[%clk 0:55:38]} 44. Rd8 {[%clk 0:09:30]} Kf6
{[%clk 0:55:50]} 45. Rf8+ {[%clk 0:07:59]} Rf7 {[%clk 0:56:19]} 46. Ra8
{[%clk 0:08:06]} Kxf5 {[%clk 0:56:44]} 47. Rxa5 {[%clk 0:08:25]} g4+
{[%clk 0:57:03]} 48. Kg2 {[%clk 0:04:11]} Ke4 {[%clk 0:57:07]} 49. Ra7
{[%clk 0:04:25]} Rf3 {[%clk 0:56:54]} 50. Rxb7 {[%clk 0:02:13]} Rxc3
{[%clk 0:55:39]} 51. Rxg7 {[%clk 0:02:30]} Rxc2+ {[%clk 0:55:47]} 52. Kg3
{[%clk 0:02:59]} Kxd4 {[%clk 0:56:13]} 53. Rxg4+ {[%clk 0:02:47]} Ke3
{[%clk 0:55:30]} 54. Rg6 {[%clk 0:02:05]} c5 {[%clk 0:53:43]} 55. a4
{[%clk 0:01:47]} c4 {[%clk 0:53:56]} 56. h4 {[%clk 0:01:01]} Ra2 {[%clk 0:53:11]}
57. Ra6 {[%clk 0:00:40]} d4 {[%clk 0:53:02]} 58. h5 {[%clk 0:01:00]} Ra1
{[%clk 0:52:19]} 59. h6 {[%clk 0:00:50]} Rg1+ {[%clk 0:52:17]} 60. Kh2
{[%clk 0:00:36]} Rg5 {[%clk 0:52:45]} 61. a5 {[%clk 0:00:47]} c3 {[%clk 0:53:02]}
62. Re6+ {[%clk 0:00:59]} Kd2 {[%clk 0:53:14]} 63. a6 {[%clk 0:01:14]} c2
{[%clk 0:53:29]} 0-1

[Event "MARIENBAD OPEN 2020 - C - FIDE open"]
[Site "the Continental hotel, Marians"]
[Date "2020.01.20"]
[Round "3"]
[White "BARTONICEK, Zdenek"]
[Black "HAUGLI, Petter"]
[Result "0-1"]
[WhiteElo "1945"]
[BlackElo "2228"]
[PlyCount "74"]
[EventDate "2020.01.18"]

1. e4 c5 2. Nf3 Nc6 3. c3 Nf6 4. e5 Nd5 5. d4 cxd4 6. cxd4 d6 7. Bc4 Nb6 8. Bb3
dxe5 9. dxe5 Qxd1+ 10. Bxd1 g6 11. O-O Bg7 12. Re1 O-O 13. Na3 Bf5 14. Bb3 Na5
15. Bd1 Rfd8 16. Nb5 Nc6 17. Bb3 Bd3 18. Na3 Na5 19. Bc2 Nac4 20. Bxd3 Rxd3 21.
Nxc4 Nxc4 22. Bg5 Rd7 23. b3 Nb6 24. Rac1 h6 25. Bh4 e6 26. h3 g5 27. Bg3 Rad8
28. Kf1 Bf8 29. Rc2 Bb4 30. Rec1 Ba3 31. Re1 Nd5 32. Rc4 Be7 33. h4 Kg7 34.
hxg5 hxg5 35. Nd4 Nb6 36. Nb5 Nxc4 37. bxc4 Bb4 0-1

[Event "MARIENBAD OPEN 2020 - C - FIDE open"]
[Site "the Continental hotel, Marians"]
[Date "2020.01.20"]
[Round "3"]
[White "ZABRZANSKA, Weronika"]
[Black "PERMAN, Sergey"]
[Result "0-1"]
[WhiteElo "1843"]
[BlackElo "2140"]
[PlyCount "41"]
[EventDate "2020.01.18"]

1. e4 c6 2. d4 d5 3. e5 Bf5 4. Nd2 e6 5. Nb3 Nd7 6. Nf3 Bg6 7. Be2 Ne7 8. Nh4
Nf5 9. Nxf5 Bxf5 10. O-O Be7 11. f4 Qb6 12. Bd2 c5 13. Bc3 h5 14. Bxh5 c4 15.
Nd2 O-O-O 16. b3 g5 17. bxc4 gxf4 18. c5 Nxc5 19. Rb1 Qc7 20. Rxf4 Rxh5 21.
Qxh5 0-1

[Event "MARIENBAD OPEN 2020 - C - FIDE open"]
[Site "the Continental hotel, Marians"]
[Date "2020.01.20"]
[Round "3"]
[White "PAWICKA, Magdalena"]
[Black "TSOTSONAVA, Elene"]
[Result "0-1"]
[WhiteElo "1860"]
[BlackElo "2078"]
[PlyCount "60"]
[EventDate "2020.01.18"]

1. e4 c5 2. Nf3 e6 3. d4 cxd4 4. Nxd4 Nc6 5. Nc3 Qc7 6. f4 a6 7. Nxc6 Qxc6 8.
Bd3 b5 9. Qe2 Bc5 10. Be3 Bb7 11. O-O-O Ne7 12. Bxc5 Qxc5 13. e5 O-O 14. Ne4
Qc7 15. Nf6+ gxf6 16. Bxh7+ Kxh7 17. Qh5+ Kg8 18. Rd3 Ng6 19. Rc3 Qxc3 20. bxc3
fxe5 21. fxe5 Rac8 22. Qg4 Rxc3 23. Rf1 Rfc8 24. Rf2 R3c4 25. Qd1 Be4 26. Qxd7
Nxe5 27. Qa7 Nd3+ 28. Kd1 Nxf2+ 29. Qxf2 Bxc2+ 30. Kd2 Bg6 0-1

[Event "MARIENBAD OPEN 2020 - C - FIDE open"]
[Site "the Continental hotel, Marians"]
[Date "2020.01.20"]
[Round "3"]
[White "TITOV, Alexander"]
[Black "SIMAK, Roman"]
[Result "1-0"]
[WhiteElo "2035"]
[BlackElo "1847"]
[PlyCount "37"]
[EventDate "2020.01.18"]

1. d4 f5 2. g3 Nf6 3. Bg2 d5 4. c4 c6 5. Nd2 e6 6. Nh3 Bd6 7. O-O O-O 8. Qc2
Nbd7 9. Nf3 Ne4 10. Bf4 Bxf4 11. Nxf4 Ndf6 12. Nd3 Nd6 13. cxd5 cxd5 14. Nde5
Nf7 15. Nxf7 Kxf7 16. e3 Qb6 17. Ne5+ Ke7 18. Rac1 Nd7 19. Nxd7 1-0

[Event "MARIENBAD OPEN 2020 - C - FIDE open"]
[Site "the Continental hotel, Marians"]
[Date "2020.01.20"]
[Round "3"]
[White "JIRUSE, Josef"]
[Black "ZAVIVAEVA, Emilia"]
[Result "0-1"]
[WhiteElo "2004"]
[BlackElo "1705"]
[PlyCount "52"]
[EventDate "2020.01.18"]

1. e4 c5 2. d4 cxd4 3. c3 dxc3 4. Nxc3 g6 5. Bc4 Bg7 6. Nf3 Nc6 7. O-O d6 8.
Bf4 Nf6 9. Qe2 O-O 10. Rfd1 Nh5 11. Bg5 h6 12. Be3 Bg4 13. Bb3 Ne5 14. Rac1 e6
15. Nb5 Bxf3 16. gxf3 Qh4 17. Rxd6 Qh3 18. Nd4 Nd3 19. Qxd3 Be5 20. Rd7 Bxh2+
21. Kh1 Nf4 22. Bxf4 Bxf4+ 23. Kg1 Bh2+ 24. Kh1 Bg3+ 25. Kg1 Qh2+ 26. Kf1 Qxf2#
0-1

[Event "MARIENBAD OPEN 2020 - C - FIDE open"]
[Site "the Continental hotel, Marians"]
[Date "2020.01.20"]
[Round "3"]
[White "HOERHOLD, Karola"]
[Black "DE ANDRES GONALONS, Fernando"]
[Result "0-1"]
[WhiteElo "1705"]
[BlackElo "1993"]
[PlyCount "54"]
[EventDate "2020.01.18"]

1. e4 Nc6 2. Nf3 d5 3. exd5 Qxd5 4. Nc3 Qa5 5. Bb5 Bd7 6. d4 Nf6 7. O-O O-O-O
8. a4 e6 9. Bxc6 Bxc6 10. Nb5 Bxf3 11. Qxf3 a6 12. Bf4 axb5 13. axb5 Qxb5 14.
c4 Qb4 15. Rfd1 Bd6 16. Bd2 Qxc4 17. Bg5 Qd5 18. Qe3 Kd7 19. f3 Ra8 20. Rac1
Ra2 21. Rc2 Rha8 22. Bxf6 gxf6 23. Rdc1 Ra1 24. Kf2 Rxc1 25. Rxc1 Ra4 26. Qe2
Rxd4 27. Kf1 Rd2 0-1

[Event "MARIENBAD OPEN 2020 - C - FIDE open"]
[Site "the Continental hotel, Marians"]
[Date "2020.01.20"]
[Round "3"]
[White "DUZY, Stefan"]
[Black "SHEVTSOVA, Stefania"]
[Result "1-0"]
[WhiteElo "1931"]
[BlackElo "1640"]
[PlyCount "63"]
[EventDate "2020.01.18"]

1. d4 d5 2. c4 c6 3. Nf3 Nf6 4. Qb3 g6 5. Nc3 Bg7 6. Bf4 e6 7. e3 Nh5 8. Bg5 f6
9. Bh4 g5 10. g4 gxh4 11. gxh5 Na6 12. O-O-O Qb6 13. Qxb6 axb6 14. Na4 Ke7 15.
Nxb6 Rb8 16. Rg1 Bh6 17. Nxh4 Bd7 18. cxd5 exd5 19. Nxd7 Kxd7 20. Nf5 Bf8 21.
Bd3 Nb4 22. Bb1 Ke6 23. a3 Na6 24. Rg4 Rd8 25. Rdg1 Kf7 26. Bd3 Nc7 27. Rg7+
Bxg7 28. Rxg7+ Kf8 29. Rxc7 Rb8 30. Ng7 b6 31. Ne6+ Ke8 32. Bxh7 1-0

[Event "MARIENBAD OPEN 2020 - C - FIDE open"]
[Site "the Continental hotel, Marians"]
[Date "2020.01.20"]
[Round "3"]
[White "BUDZISZ, Adrian"]
[Black "KRAL, Ladislav"]
[Result "1-0"]
[WhiteElo "1849"]
[BlackElo "1515"]
[PlyCount "53"]
[EventDate "2020.01.18"]

1. e4 e6 2. d4 d5 3. Bd3 Nf6 4. e5 Nfd7 5. Ne2 c5 6. c3 Nc6 7. O-O cxd4 8. cxd4
Nb4 9. Nbc3 Nxd3 10. Qxd3 Be7 11. f4 f5 12. g4 g6 13. Qf3 Qb6 14. b3 Nb8 15.
Be3 Na6 16. gxf5 gxf5 17. Qh5+ Kd7 18. Ng3 Qd8 19. Rac1 Qg8 20. Rc2 Qg4 21.
Qxg4 fxg4 22. f5 exf5 23. Nxd5 Re8 24. Ne2 Ke6 25. Nf6 Bd7 26. d5+ Kf7 27. e6+
1-0

[Event "MARIENBAD OPEN 2020 - C - FIDE open"]
[Site "the Continental hotel, Marians"]
[Date "2020.01.20"]
[Round "3"]
[White "BURDA, Otto"]
[Black "LAZNIEWSKI, Tadeusz"]
[Result "1/2-1/2"]
[WhiteElo "1804"]
[BlackElo "1487"]
[PlyCount "40"]
[EventDate "2020.01.18"]

1. d4 d5 2. c4 e6 3. Nc3 c6 4. Nf3 dxc4 5. a4 Bb4 6. e3 b5 7. Bd2 a5 8. Be2 Nf6
9. Qc2 O-O 10. O-O Bb7 11. Ne5 Nbd7 12. f4 Bxc3 13. bxc3 Nb6 14. Bf3 Nxa4 15.
Nxc4 Nd5 16. Rfb1 Qc7 17. Ne5 f6 18. Nd3 Nab6 19. Nc5 Rfd8 20. Nxb7 Qxb7
1/2-1/2

[Event "MARIENBAD OPEN 2020 - C - FIDE open"]
[Site "the Continental hotel, Marians"]
[Date "2020.01.20"]
[Round "3"]
[White "KOETZ, Michael"]
[Black "HORNA, Sava"]
[Result "1/2-1/2"]
[WhiteElo "1777"]
[BlackElo "1415"]
[PlyCount "70"]
[EventDate "2020.01.18"]

1. c4 c5 2. Nc3 Nf6 3. Nf3 g6 4. d3 Bg7 5. Bf4 d6 6. Qd2 h6 7. Rb1 Nc6 8. e4
Be6 9. Be2 Qa5 10. O-O Nh5 11. Be3 Nd4 12. Bxd4 cxd4 13. Nd5 Qxd2 14. Nxd2 Bxd5
15. exd5 Nf4 16. Rfe1 O-O-O 17. g3 Nh3+ 18. Kg2 Ng5 19. Bg4+ f5 20. Bf3 Bf6 21.
Bd1 Nf7 22. Nf3 g5 23. Bc2 Rd7 24. Ba4 Rc7 25. b4 g4 26. Ng1 b6 27. Bc6 Ne5 28.
b5 Nxd3 29. Red1 Nc5 30. Ne2 Ne4 31. Rd3 Nc5 32. Rdd1 e5 33. dxe6 Nxe6 34. Nf4
Nxf4+ 35. gxf4 Re7 1/2-1/2

[Event "MARIENBAD OPEN 2020 - C - FIDE open"]
[Site "the Continental hotel, Marians"]
[Date "2020.01.20"]
[Round "3"]
[White "KREJCI, Vera Marie"]
[Black "KRATOCHVIL, David"]
[Result "1/2-1/2"]
[WhiteElo "1468"]
[BlackElo "1138"]
[PlyCount "40"]
[EventDate "2020.01.18"]

1. e4 e5 2. Nf3 Nc6 3. Bc4 Nf6 4. d3 Be7 5. O-O O-O 6. h3 d6 7. Nc3 Re8 8. Be3
Be6 9. Bb3 d5 10. exd5 Nxd5 11. Nxd5 Bxd5 12. Bxd5 Qxd5 13. Re1 f6 14. c3 Rad8
15. d4 a6 16. dxe5 Qxd1 17. Raxd1 Nxe5 18. Nxe5 fxe5 19. f4 Rxd1 20. Rxd1 exf4
1/2-1/2

[Event "MARIENBAD OPEN 2020 - D - Open Seniors T"]
[Site "the Continental hotel, Hlavni "]
[Date "2020.01.20"]
[Round "3"]
[White "KUCERA, Jiri"]
[Black "PALEK, Miroslav"]
[Result "1/2-1/2"]
[WhiteElo "1960"]
[BlackElo "2158"]
[PlyCount "42"]
[EventDate "2020.01.18"]

1. Nf3 Nf6 2. d4 e6 3. Bf4 b6 4. e3 Bb7 5. Nbd2 Be7 6. h3 O-O 7. Bd3 d5 8. Ne5
Nbd7 9. Qf3 Nxe5 10. dxe5 Nd7 11. Qh5 g6 12. Qh6 Re8 13. h4 Rc8 14. Nf3 Bf8 15.
Qg5 Qxg5 16. hxg5 Bg7 17. c3 a6 18. O-O-O Red8 19. Rh4 c5 20. Kb1 b5 21. Bg3
Bc6 1/2-1/2

[Event "MARIENBAD OPEN 2020 - D - Open Seniors T"]
[Site "the Continental hotel, Hlavni "]
[Date "2020.01.20"]
[Round "3"]
[White "MALINOVSKY, Petr"]
[Black "MIKULAS, Dusan"]
[Result "1/2-1/2"]
[WhiteElo "2091"]
[BlackElo "1969"]
[PlyCount "46"]
[EventDate "2020.01.18"]

1. d4 Nf6 2. c4 d6 3. Nc3 g6 4. e4 Bg7 5. f3 O-O 6. Be3 e5 7. Nge2 c6 8. Qd2
Qa5 9. d5 c5 10. g4 a6 11. Ng3 Bd7 12. h4 b5 13. h5 b4 14. Nd1 Ba4 15. Nf2 Ra7
16. Bd3 Rb7 17. Ke2 Rc8 18. Rag1 Qb6 19. Bh6 Bh8 20. Nf5 Ne8 21. Rg2 Rcc7 22.
b3 Bd7 23. hxg6 fxg6 1/2-1/2

[Event "MARIENBAD OPEN 2020 - D - Open Seniors T"]
[Site "the Continental hotel, Hlavni "]
[Date "2020.01.20"]
[Round "3"]
[White "GRICHKEVITCH, Gilles"]
[Black "KOCI, Vladimir"]
[Result "1-0"]
[WhiteElo "1985"]
[BlackElo "1607"]
[PlyCount "79"]
[EventDate "2020.01.18"]

1. e4 Nf6 2. Nc3 d5 3. e5 d4 4. exf6 dxc3 5. fxg7 cxd2+ 6. Bxd2 Bxg7 7. Qf3 Qd6
8. Bc3 Rg8 9. Ne2 Nc6 10. Rd1 Qe6 11. Bxg7 Rxg7 12. Qc3 f6 13. g3 Qe4 14. Rg1
Bg4 15. h3 Ne5 16. Rd3 Nf3+ 17. Rxf3 Bxf3 18. g4 O-O-O 19. Rg3 Bxe2 20. Bxe2
Rg5 21. Kf1 Qh1+ 22. Rg1 Qd5 23. Bf3 Qb5+ 24. Kg2 Rc5 25. Qe3 Re5 26. Qxa7 Qa6
27. Qxa6 bxa6 28. b4 a5 29. a3 axb4 30. axb4 Rd2 31. Rc1 Kd7 32. c4 h6 33. c5
f5 34. b5 fxg4 35. hxg4 Rg5 36. b6 Kc8 37. b7+ Kb8 38. c6 Ra2 39. Rd1 Rb5 40.
Rd8+ 1-0

[Event "MARIENBAD OPEN 2020 - D - Open Seniors T"]
[Site "the Continental hotel, Hlavni "]
[Date "2020.01.20"]
[Round "3"]
[White "KOZAK, Milos"]
[Black "MUSIL, Vitezslav"]
[Result "1/2-1/2"]
[WhiteElo "2145"]
[BlackElo "1907"]
[PlyCount "45"]
[EventDate "2020.01.18"]

1. d4 Nf6 2. c4 Nc6 3. Nf3 e6 4. g3 Bb4+ 5. Bd2 O-O 6. Bxb4 Nxb4 7. a3 Nc6 8.
d5 Ne7 9. Nc3 d6 10. Bg2 e5 11. e4 Bg4 12. h3 Bd7 13. O-O Ng6 14. Ne1 Qc8 15.
Kh2 h5 16. Nd3 h4 17. g4 Qd8 18. f3 Qe7 19. b4 b6 20. Qd2 Nh7 21. Rfc1 a6 22.
Bf1 Nf6 23. Kg2 1/2-1/2

[Event "MARIENBAD OPEN 2020 - D - Open Seniors T"]
[Site "the Continental hotel, Hlavni "]
[Date "2020.01.20"]
[Round "3"]
[White "STERN, Geoffrey"]
[Black "PALKOVA, Hana"]
[Result "1/2-1/2"]
[WhiteElo "2007"]
[BlackElo "1874"]
[PlyCount "25"]
[EventDate "2020.01.18"]

1. d4 d5 2. Nc3 Nf6 3. Bf4 c6 4. e3 Nbd7 5. Be2 e6 6. a3 Be7 7. h3 a6 8. Nf3
O-O 9. O-O c5 10. Ne5 Nxe5 11. Bxe5 Nd7 12. Bg3 b5 13. f3 1/2-1/2

[Event "MARIENBAD OPEN 2020 - D - Open Seniors T"]
[Site "the Continental hotel, Hlavni "]
[Date "2020.01.20"]
[Round "3"]
[White "PEKARCIK, Peter"]
[Black "AIRD, Ian"]
[Result "1-0"]
[WhiteElo "1674"]
[BlackElo "1857"]
[PlyCount "37"]
[EventDate "2020.01.18"]

1. e4 c5 2. b4 cxb4 3. a3 d5 4. exd5 Qxd5 5. Bb2 e5 6. axb4 Bxb4 7. Nc3 Qd6 8.
Nb5 Qe7 9. Rxa7 Rxa7 10. Nxa7 Bd7 11. Nf3 Nh6 12. Be2 f6 13. O-O O-O 14. Nb5
Nc6 15. d4 e4 16. Nd2 Bxd2 17. Qxd2 Qb4 18. c3 Qe7 19. Ba3 1-0

[Event "MARIENBAD OPEN 2020 - D - Open Seniors T"]
[Site "the Continental hotel, Hlavni "]
[Date "2020.01.20"]
[Round "3"]
[White "BARTSCH, Marius"]
[Black "HUSAK, Antonin"]
[Result "0-1"]
[WhiteElo "1638"]
[BlackElo "1830"]
[PlyCount "50"]
[EventDate "2020.01.18"]

1. d4 Nf6 2. Nc3 d5 3. Bf4 c6 4. e3 e6 5. Bd3 Nbd7 6. Nf3 a6 7. O-O c5 8. dxc5
Nxc5 9. b4 Nxd3 10. cxd3 Be7 11. a3 O-O 12. h3 b5 13. Qd2 Bb7 14. Rfc1 Nd7 15.
Rc2 f6 16. Bg3 Nb6 17. Ne2 e5 18. Rac1 Bd6 19. d4 Nc4 20. Rxc4 dxc4 21. dxe5
Bxe5 22. Qxd8 Raxd8 23. Nfd4 Rfe8 24. Kf1 Be4 25. Ke1 Bxg2 0-1

[Event "MARIENBAD OPEN 2020 - D - Open Seniors T"]
[Site "the Continental hotel, Hlavni "]
[Date "2020.01.20"]
[Round "3"]
[White "TAMAS, Imrich"]
[Black "SIMECEK, Jan"]
[Result "0-1"]
[WhiteElo "1520"]
[BlackElo "1792"]
[PlyCount "62"]
[EventDate "2020.01.18"]

1. d4 Nf6 2. c4 e6 3. Bg5 d5 4. e3 c6 5. Nf3 Nbd7 6. a3 Bd6 7. c5 Bc7 8. Nc3
O-O 9. Be2 Qe8 10. O-O Ne4 11. Nxe4 dxe4 12. Nd2 f5 13. f3 Bxh2+ 14. Kxh2 Qh5+
15. Kg1 Qxg5 16. Kf2 Nf6 17. Rh1 f4 18. Nc4 Nd5 19. Qd2 b5 20. cxb6 axb6 21.
exf4 Nxf4 22. g3 Nd3+ 23. Bxd3 Rxf3+ 24. Ke2 Qxg3 25. Rhf1 Qg2+ 26. Ke1 Qxd2+
27. Nxd2 Rxd3 28. Rf4 Rxd4 29. Nxe4 e5 30. Rh4 Bf5 31. Ng3 Rxh4 0-1

[Event "MARIENBAD OPEN 2020 - D - Open Seniors T"]
[Site "the Continental hotel, Hlavni "]
[Date "2020.01.20"]
[Round "3"]
[White "KAPOLKA, Stefan"]
[Black "KOSINA, Vladimir"]
[Result "1/2-1/2"]
[WhiteElo "1446"]
[BlackElo "1647"]
[PlyCount "55"]
[EventDate "2020.01.18"]

1. d4 d5 2. c4 e6 3. Nf3 Bd6 4. Nc3 c6 5. c5 Be7 6. Bf4 Nf6 7. Bg5 Nbd7 8. e3
O-O 9. Bd3 Re8 10. O-O h6 11. Bh4 g6 12. Qc2 Kg7 13. Rac1 Bf8 14. Ne5 g5 15.
Bg3 Nxe5 16. Bxe5 Be7 17. Ne2 Kf8 18. Ng3 Ng4 19. Qe2 Nxe5 20. dxe5 f5 21. b4
Kg7 22. Nh5+ Kh8 23. Rfd1 Rf8 24. f4 g4 25. Ng3 Qe8 26. Nh1 Rg8 27. g3 Bd7 28.
Rb1 1/2-1/2

[Event "MARIENBAD OPEN 2020 - A, B - closed tournaments"]
[Site "?"]
[Date "2020.01.21"]
[Round "4"]
[White "Bai, Adelard"]
[Black "Baenziger, Fabian"]
[Result "1/2-1/2"]
[BlackElo "2412"]
[WhiteElo "2430"]
[LiveChessVersion "1.4.8"]

1. d4 {[%clk 1:30:46]} Nf6 {[%clk 1:30:14]} 2. c4 {[%clk 1:30:56]} g6
{[%clk 1:29:59]} 3. g3 {[%clk 1:31:05]} Bg7 {[%clk 1:30:20]} 4. Bg2
{[%clk 1:31:10]} O-O {[%clk 1:30:10]} 5. Nc3 {[%clk 1:31:21]} Nc6
{[%clk 1:29:54]} 6. Nf3 {[%clk 1:31:41]} d5 {[%clk 1:30:00]} 7. cxd5 Nxd5
{[%clk 1:30:22]} 8. O-O {[%clk 1:25:41]} Nb6 {[%clk 1:29:53]} 9. d5
{[%clk 1:13:36]} Na5 {[%clk 1:29:36]} 10. e4 {[%clk 1:12:44]} c6 {[%clk 1:29:29]}
11. Nd4 {[%clk 0:54:17]} cxd5 {[%clk 1:23:11]} 12. exd5 {[%clk 0:54:00]} e6
{[%clk 1:23:28]} 13. Nc2 {[%clk 0:43:45]} exd5 {[%clk 1:08:22]} 14. Nxd5
{[%clk 0:43:51]} Nxd5 {[%clk 0:57:54]} 15. Bxd5 {[%clk 0:41:24]} Bh3
{[%clk 0:55:02]} 16. Re1 {[%clk 0:40:38]} Qd7 {[%clk 0:50:38]} 17. Ne3
{[%clk 0:35:03]} 1/2-1/2